Представление документа в формате MARC21

ПолеНазваниеЗначение
  Тип записи a
  Библиографический уровень m
001 Контрольный номер RU\infra-m\znanium\bibl\2235309
005 Дата корректировки 20260429142210.9
008 Кодируемые данные 260120s2025 RU g rus u
020 Индекс ISBN __
a ISBN 978-5-00139-181-4
040 Источник каталогиз. __
a Служба первич. каталог. Общество с ограниченной ответственностью «ЗНАНИУМ»
041 Код языка издания __
a Код языка текста rus
044 Код страны публикации __
a Код страны публикации RU
080 Индекс УДК __
a Индекс УДК 61
084 Индекс другой классификации/Индекс ББК __
2 Источник индекса rubbk
a Индекс другой классификации/Индекс ББК 51
100 Автор __
a Автор Шестова О.
q Полное имя Шестова Ольга
u Дополнение Московский государственный университет им. М.В. Ломоносова, биологический факультет
245 Заглавие __
a Заглавие 30 Нобелевских премий: Открытия, изменившие медицину
b Продолж. заглавия Научно-популярная литература
c Ответственность Московский государственный университет им. М.В. Ломоносова, биологический факультет; Московский физико-технический институт (национальный исследовательский университет) МФТИ
250 Сведения об издании __
a Основные сведения об издании 1
260 Выходные данные __
a Место издания Москва
b Издательство ООО "Альпина нон-фикшн"
c Дата издания 2026
300 Физическое описание __
a Объем 216 с.
520 Аннотация __
a Аннотация Самая известная и почетная в мире премия — Нобелевская — ежегодно присуждается за выдающиеся научные исследования революционные изобретения крупный вклад в культуру или развитие общества. В этой книге пойдет речь о лауреатах премии по физиологии или медицине. На момент написания книги вручено 210 премий 219 лауреатам. Из них мы отобрали 30 — тех чьи работы широко используются значение которых известно каждому а суть понятна любому человеку без специального образования — небезразличному к медицине и собственному здоровью. Открытия объединены по темам и собраны в шести главах посвященных физиологии генетике патогенам медицинским методам фармакологии. Чтение можно начать с любой главы — с той темы которая вам кажется самой интересной.
521 Примеч. о цел. назн. __
a Примеч. о целев. назн. Дополнительное профессиональное образование
650 Тематические рубрики __
a Основная рубрика Медицина. Фармакология
x Основная подрубрика История медицины
655 Указ. предметных рубрик (устаревшее) __
a Жанр/ форма (устаревшее) Научно-популярная литература
700 Другие авторы __
a Другие авторы Иноземцев Л.
q Полное имя Иноземцев Лев
u Дополнение Московский физико-технический институт (национальный исследовательский университет) МФТИ
856 Электронный адрес документа 4_
a Имя сервера/домена znanium.ru
m Помощь ebs_support@infra-m.ru
n Местонахождение сервера НИЦ ИНФРА-М
u URL https://znanium.ru/catalog/document?id=473578
856 Электронный адрес документа 48
a Имя сервера/домена znanium.ru
d Путь /cover/2235
f Электронное имя 2235309.jpg
q Тип электронного формата image/jpeg
u URL https://znanium.ru/cover/2235/2235309.jpg
911 __
u 0030=https://znanium.ru/catalog/document?id=473578
911 __
u 712a=Московский физико-технический институт (национальный исследовательский университет) МФТИ